Competitive-cum-cooperative interfirm relations and dynamics in the Japanese semiconductor industry /

Bibliographic Details
Main Author: Okada, Yoshitaka, 1949-
Format: Book
Language:English
Published: Tokya ; New York : Springer, [2000]
Subjects:

MARC

Tag First Indicator Second Indicator Subfields
LEADER 00000pam a22000004a 4500
001 in00001549986
005 20151022063927.0
008 990720s2000 ja a b 001 0 eng
010 |a  99041456  
020 |a 4431702660 (alk. paper) 
035 |a (OCoLC)ocm41981952 
040 |a DLC  |c DLC  |d OHX  |d TXA  |d UtOrBLW 
042 |a pcc 
043 |a a-ja--- 
049 |a TXAM 
050 0 0 |a HD9696.S43  |b J354 2000 
072 7 |a HD  |2 lcco 
082 0 0 |a 338.4/762138152/0952  |2 21 
100 1 |a Okada, Yoshitaka,  |d 1949- 
245 1 0 |a Competitive-cum-cooperative interfirm relations and dynamics in the Japanese semiconductor industry /  |c Yoshitaka Okada. 
264 1 |a Tokya ;  |a New York :  |b Springer,  |c [2000] 
264 4 |c ©2000 
300 |a xviii, 238 pages :  |b illustrations ;  |c 24 cm. 
336 |a text  |b txt  |2 rdacontent 
337 |a unmediated  |b n  |2 rdamedia 
338 |a volume  |b nc  |2 rdacarrier 
504 |a Includes bibliographical references (pages 223-232) and index. 
650 0 |a Semiconductor industry  |z Japan. 
650 0 |a Integrated circuits industry  |z Japan. 
650 0 |a Strategic alliances (Business)  |z Japan. 
650 0 |a Interorganizational relations  |z Japan. 
650 0 |a Competition  |z Japan. 
938 |a Otto Harrassowitz  |b HARR  |n har005128692  |c 129.00 DEM 
994 |a E0  |b TXA 
948 |a cataloged  |b h  |c 2000/8/9  |d c  |e blrosas  |f 9:15:18 am 
999 |a MARS 
999 f f |s d613507e-81ec-3024-b6bc-216d2bbe27e8  |i 6c8d2489-08b4-350b-b73c-e97cc5cb8d13  |t 0 
952 f f |p ric  |a Texas A&M University  |b Rellis Campus  |c Joint Library Facility  |d Remote Storage  |t 0  |e HD9696.S43 J354 2000  |h Library of Congress classification  |i unmediated -- volume  |m A14825999077 
998 f f |a HD9696.S43 J354 2000  |t 0  |l Remote Storage